Bulu baru Zaza

Bibliographic Details
Format: Book
Published: JB : Penerbitan Pelangi Sdn Bhd , 2005
Series:Siri sahabat rimba
Subjects:

MARC

LEADER 00000cam a2200000 7i4500
001 0000033359
005 20220105104107.0
008 120918
020 |a 9830015408 
090 0 0 |a JP   |b MAL 
245 1 0 |a Bulu baru Zaza 
260 |a JB :   |b Penerbitan Pelangi Sdn Bhd ,   |c 2005 
440 |a Siri sahabat rimba 
500 |a Children age 4-6 years old (yellow) 
650 0 |a Short stories, Malay 
999 |a 0001157389   |b Book   |c Children Collection   |e Perbadanan Perpustakaan Awam Johor 
999 |a 0001157390   |b Book   |c Children Collection   |e Cawangan Tangkak